Detalles MARC
| 000 -CABECERA |
| campo de control de longitud fija |
01588nam a2200433 a 4500 |
| 001 - NÚMERO DE CONTROL |
| campo de control |
|
| 003 - IDENTIFICADOR DEL NÚMERO DE CONTROL |
| campo de control |
DO-SdBPM |
| 005 - FECHA Y HORA DE LA ÚLTIMA TRANSACCIÓN |
| campo de control |
20251128121935.0 |
| 007 - CAMPO FIJO DE DESCRIPCIÓN FÍSICA--INFORMACIÓN GENERAL |
| campo de control de longitud fija |
ta |
| 008 - DATOS DE LONGITUD FIJA--INFORMACIÓN GENERAL |
| campo de control de longitud fija |
100406s2021 dr 001 0dspa d |
| 020 ## - NÚMERO INTERNACIONAL ESTÁNDAR DEL LIBRO |
| Número Internacional Estándar del Libro |
9789945618334 |
| 040 ## - FUENTE DE LA CATALOGACIÓN |
| Centro catalogador/agencia de origen |
DO-SdBPM |
| Lengua de catalogación |
spa |
| Centro/agencia transcriptor |
BPMSU |
| Normas de descripción |
rea |
| 049 ## - FONDOS LOCALES (OCLC) |
| Fondos de biblioteca |
|
| 082 #4 - NÚMERO DE LA CLASIFICACIÓN DECIMAL DEWEY |
| Número de clasificación |
923.27293 |
| Número de documento/Ítem |
D812a 2013 |
| Número de edición |
22 |
| 100 1# - ENTRADA PRINCIPAL--NOMBRE DE PERSONA |
| Nombre de persona |
Duarte, Rosa |
| Fechas asociadas al nombre |
1820-1888 |
| Término indicativo de función/relación |
autora |
| Código de función/relación |
aut. |
| 245 10 - MENCIÓN DE TÍTULO |
| Título |
Apuntes de Rosa Duarte : |
| Resto del título |
archivo y versos de Juan Pablo Duarte / |
| Mención de responsabilidad, etc. |
edición y notas de E. Rodríguez Demorizi, C. Larrazábal Blanco, V. Alfau Durán; prólogo Pedro Troncoso Sánchez. |
| 250 ## - MENCIÓN DE EDICIÓN |
| Mención de edición |
8a ed. |
| 260 ## - PUBLICACIÓN, DISTRIBUCIÓN, ETC. |
| Fecha de publicación, distribución, etc. |
2013. |
| 264 ## - PRODUCCIÓN, PUBLICACIÓN, DISTRIBUCIÓN, FABRICACIÓN Y COPYRIGHT |
| Producción, publicación, distribución, fabricación y copyright |
Santo Domingo : |
| Nombre del de productor, editor, distribuidor, fabricante |
Instituto Duartiano, |
| Fecha de producción, publicación, distribución, fabricación o copyright |
2021 |
| 300 ## - DESCRIPCIÓN FÍSICA |
| Extensión |
338 páginas ; |
| Dimensiones |
23 cm. |
| 336 ## - TIPO DE CONTENIDO |
| Término de tipo de contenido |
texto |
| Código de tipo de contenido |
txt |
| Fuente |
rdacontent |
| 337 ## - TIPO DE MEDIO |
| Nombre/término del tipo de medio |
sin mediación |
| Código del tipo de medio |
n |
| Fuente |
rdamedia |
| 338 ## - TIPO DE SOPORTE |
| Nombre/término del tipo de soporte |
volumen |
| Código del tipo de soporte |
nc |
| Fuente |
rdacarrier |
| 490 0# - MENCIÓN DE SERIE |
| Mención de serie |
Dartiana |
| 500 ## - NOTA GENERAL |
| Nota general |
Incluye índice onomástico |
| 500 ## - NOTA GENERAL |
| Nota general |
Incluye referencias bibliográficas y notas al pie de las páginas |
| 590 ## - NOTA LOCAL (RLIN) |
| Nota local |
Inventariado, 2025VM |
| 600 17 - PUNTO DE ACCESO ADICIONAL DE MATERIA--NOMBRE DE PERSONA |
| Nombre de persona |
Duarte, Juan Pablo, |
| Fechas asociadas al nombre |
1813-1876 |
| 650 #7 - PUNTO DE ACCESO ADICIONAL DE MATERIA--TÉRMINO DE MATERIA |
| Término de materia o nombre geográfico como elemento de entrada |
Poesía dominicana |
| 650 #7 - PUNTO DE ACCESO ADICIONAL DE MATERIA--TÉRMINO DE MATERIA |
| Término de materia o nombre geográfico como elemento de entrada |
Literatura dominicana. |
| 651 #7 - PUNTO DE ACCESO ADICIONAL DE MATERIA--NOMBRE GEOGRÁFICO |
| Nombre geográfico |
República Dominicana |
| Subdivisión general |
Historia |
| Subdivisión cronológica |
1844-1930 |
| Subdivisión general |
Fuentes |
| 590 ## - NOTA LOCAL (RLIN) |
| Enlace (RLIN) |
Inventariado, 2025/VM |
| 700 1# - PUNTO DE ACCESO ADICIONAL--NOMBRE DE PERSONA |
| Nombre de persona |
Rodríguez Demorizi, Emilio, |
| Fechas asociadas al nombre |
1908-1986 |
| Término indicativo de función/relación |
edición |
| 700 1# - PUNTO DE ACCESO ADICIONAL--NOMBRE DE PERSONA |
| Nombre de persona |
Alfau Durán, Vetilio, |
| Fechas asociadas al nombre |
1909-1985 |
| Término indicativo de función/relación |
editor |
| 700 1# - PUNTO DE ACCESO ADICIONAL--NOMBRE DE PERSONA |
| Nombre de persona |
Larrazábal Blanco, Carlos, |
| Fechas asociadas al nombre |
1894-1989, |
| Término indicativo de función/relación |
ed. |
| 700 1# - PUNTO DE ACCESO ADICIONAL--NOMBRE DE PERSONA |
| Nombre de persona |
Troncoso Sánchez, Pedro, |
| Fechas asociadas al nombre |
1904-1989, |
| Término indicativo de función/relación |
pról. |
| 910 ## - DATOS DE OPCIÓN DEL USUARIO (OCLC) |
| Datos de opción del usuario |
VMateo V. Control de calidad. BPMSU |
| 942 ## - ELEMENTOS DE PUNTO DE ACCESO ADICIONAL (KOHA) |
| Fuente del sistema de clasificación o colocación |
Dewey Decimal Classification |
| Tipo de ítem Koha |
Libros |